| 000 | 00803nam a2200253 i 4500 | ||
|---|---|---|---|
| 001 | bg | ||
| 100 | 1 | _aKOZŁOWSKA, Anna | |
| 245 | 1 | 0 |
_aReklama : _bsocjotechnika oddziaływania / _cAnna Kozłowska. |
| 260 |
_aWarszawa : _bSzkoła Główna Handlowa, _c2001. |
||
| 300 |
_a176, [1] s. : _bil. ; _c24 cm. |
||
| 504 | _aBibliogr. przy rozdz. | ||
| 650 | 9 |
_aReklama _xpsychologia |
|
| 650 | 9 |
_aKonsumenci (ekon.) _xpsychologia |
|
| 650 | 9 |
_aKonsumenci (ekon.) _xsocjologia |
|
| 655 | _aPodręczniki akademickie | ||
| 020 | _a8372251169 | ||
| 040 | _cBPK | ||
| 041 | 0 | _apl | |
| 080 | _a659.1:316.77:316.6+159.94:366](075.8) | ||
| 920 | _a83-7225-116-9 | ||
| 942 | _cKS | ||
| 008 | s pl f |000 0 pol | ||
| 999 |
_c41758 _d41758 |
||
| 856 |
_uhttp://koha.tu.koszalin.pl/cgi-bin/koha/opac-detail.pl?biblionumber=41758 _yKatalog online BPK |
||